| 000 | 01192nam a22002537i 4500 | ||
|---|---|---|---|
| 999 |
_c22702 _d22702 |
||
| 003 | AR-CdUCM | ||
| 008 | 231003b20212021pe aod|fr|||| 00| 0 spa d | ||
| 040 |
_aMUNICIPALIDAD PROVINCIAL DEL CUSCO _cBIBLIOTECA MUNICIPAL DEL CUSCO |
||
| 041 | _hspa | ||
| 082 |
_a629.283 / A53 _bA53 |
||
| 100 |
_aDelgado Aedo, Félix Washington _948900 |
||
| 245 |
_aEl Señor Chofer : _bManual teórico práctico / _cDelgado Aedo, Félix Washington |
||
| 260 |
_aCusco : _bAlpha Servicios Gráficos S.R.L., _c2021. |
||
| 300 |
_a284 páginas. : _bIlustraciones, _c21 cm. |
||
| 500 | _zbibliografía: páginas: 282-284 | ||
| 505 | _aLa denominación correcta -- Choferes de vocación -- Choferes indolentes -- Choferes democráticos -- Choferes y los cuatro sentidos que mas desarrollan -- Seguridad vial -- Competencias del Ministerio de Transporte y Comunicaciones -- SUTRAN -- Accidentes de tránsito -- Infracciones de tránsito -- Sanciones. | ||
| 650 |
_aTránsito urbano _948901 |
||
| 650 |
_aTipos de choferes _948902 |
||
| 650 |
_aSistema de transporte _948903 |
||
| 650 |
_aInfracciones _948904 |
||
| 650 |
_aReglas de tránsito _948905 |
||
| 942 |
_2ddc _cLIBROS |
||
| 945 |
_apebm _d2023-10-03 |
||